Madagascar : géographie régionale (Record no. 35385)

MARC details
000 -LEADER
fixed length control field 00816 a2200301 4500
037 ## - SOURCE OF ACQUISITION
Stock number 15060
037 ## - SOURCE OF ACQUISITION
Stock number L0363
037 ## - SOURCE OF ACQUISITION
Stock number L0364
044 ## - COUNTRY OF PUBLISHING/PRODUCING ENTITY CODE
ISO country code Madagascar
100 ## - VEDETTE PRINCIPALE - NOM DE PERSONNE
Personal name Guilcher, André
100 ## - VEDETTE PRINCIPALE - NOM DE PERSONNE
Language of a work Fr
260 ## - PUBLICATION, DISTRIBUTION, ETC. (IMPRINT)
Place of publication, distribution, etc Paris
260 ## - PUBLICATION, DISTRIBUTION, ETC. (IMPRINT)
Name of publisher, distributor, etc Centre de documentation universitaire
245 ## - TITLE STATEMENT
Title Madagascar : géographie régionale
260 ## - PUBLICATION, DISTRIBUTION, ETC. (IMPRINT)
Date of publication, distribution, etc 1967
250 ## - EDITION STATEMENT
Edition statement Nouv. éd. ent. ref.
300 ## - PHYSICAL DESCRIPTION
Extent 137 p.
300 ## - PHYSICAL DESCRIPTION
Other physical details 27 cm
440 ## - SERIES STATEMENT/ADDED ENTRY--TITLE
Title Les cours de Sorbone
630 ## - SUBJECT ADDED ENTRY--UNIFORM TITLE
Uniform title 91 - Geographie. Exploration de la terre, des diverses regions, des divers pays. Voyages. Geographie regionale
650 ## - SUBJECT ADDED ENTRY--TOPICAL TERM
Topical term or geographic name as entry element 9 - GEOGRAPHIE ET HISTOIRE
650 ## - SUBJECT ADDED ENTRY--TOPICAL TERM
Topical term or geographic name as entry element Géographie du Madagascar
650 ## - SUBJECT ADDED ENTRY--TOPICAL TERM
Topical term or geographic name as entry element Géographie régionale
650 ## - SUBJECT ADDED ENTRY--TOPICAL TERM
Topical term or geographic name as entry element Madagascar
700 ## - ADDED ENTRY--PERSONAL NAME
Personal name Battistini, René
Holdings
Withdrawn status Lost status Damaged status Not for loan Location (home branch) Sublocation or collection (holding branch) Date acquired Koha issues (times borrowed) Koha full call number Koha date last seen Price effective from Koha item type
        Bibliothèque Universitaire Centrale Bibliothèque Universitaire Centrale 28/02/2009   916.91 GUI 28/02/2009 28/02/2009 Livre


© 2008, Bibliothèques de l'Université d'Abomey-Calavi

04 BP 789 Cotonou, Tél. : +229 21 36 01 01, Fax : +229 21 35 06 32

Courriel : bu@bu.uac.bj